000 01058nam a22002057a 4500
999 _c16173
_d16173
003 AR-CdUCM
008 190502b ||||| |||| 00| 0 spa d
040 _aMUNICIPALIDAD PROVINCIAL DEL CUSCO
_cBIBLIOTECA MUNICIPAL DEL CUSCO
082 _a985.61 /
_bAN61
100 _aAngles Vargas, Víctor
_94559
245 _aHistoria del Cusco incaico /
260 _aCusco :
_c1988.
300 _a3 tomos ;
_bIlustraciones, láminas,
_c21 cm.
505 _aContenido : t.1: La cuidad y el departamento del Cusco --El nombre del Cusco --Población de la cuidad del Cusco --Riachuelos de la ciudad ... t.2: Ollantaytambo -- Algunos grupos arqueológicos al sureste de la ciudad del Cusco -- Los Incas -- El complejo arqueológico de Rajchi -- Chinchero -- t.3: El parque arqueologico de Machupijchu -- Descubrimiento cientifico de la ciudad prehispanica de Machupijchu -- Lo que fue y lo que es Machupijchu...
650 _aCusco
_9772
650 _aHistoria
_9136
650 _aMonumentos arqueológicos
_92013
942 _2ddc
_cLIBROS
945 _arjall
_d2019-05-02